Manual de técnicas gráficas para arquitectos, diseñadores y artistas (Registro nro. 51981)
[ vista simple ]
| 000 -ENCABEZADO | |
|---|---|
| Número de control [NR] | 01046nam a2200289Ia 4500 |
| 005 - FECHA Y HORA DE LA ÚLTIMA TRANSACCIÓN | |
| control field | 20211111074547.0 |
| 008 - DE LONGITUD FIJA DE DATOS DE ELEMENTOS - INFORMACIÓN GENERAL | |
| Elementos de longitud fija [NR] | 130821s1987 sp a grff spa |
| 020 ## - NUMERO INTERNACIONAL NORMALIZADO PARA LIBROS [R] | |
| Número Internacional Normalizado del libro [NR] | 8425211492 |
| 040 ## - FUENTE DE CATALOGACION [NR] | |
| Agencia de catalogación original [NR] | Co-BoUCM |
| Idioma de catalogación [NR] | spa |
| 041 00 - CODIGO DE IDIOMA [R] | |
| Código de idioma para texto/pista de sonido o título separado [R] | Español |
| 100 1# - ASIENTO PRINCIPAL--NOMBRE PERSONAL [NR] | |
| Nombre personal [NR] | Porter, Tom |
| ID Autoridad | 163367 |
| 245 10 - MENCION DE TITULO [NR] | |
| Título [NR] | Manual de técnicas gráficas para arquitectos, diseñadores y artistas |
| Mención de responsabilidad, etc. [NR] | Tom Porter y Bob Greenstreet |
| 250 ## - MENCION DE EDICION [NR] | |
| Mención de edición [NR] | 4a. Ed. |
| 260 ## - PUBLICACION, DISTRIBUCION, ETC. (PIE DE IMPRENTA) [R] | |
| Lugar de publicación, distribución, etc. [R] | Barcelona (España) |
| Nombre del editor, distribuidor, etc. [R] | Editorial Gustavo Gili |
| Fecha de publicación, distribución, etc. [R] | 1987 |
| 300 ## - DESCRIPCION FISICA [R] | |
| Extensión [R] | 128 páginas |
| Otros detalles físicos [NR] | ilustraciones |
| 650 04 - ASIENTO SECUNDARIO DE MATERIA - TERMINO TEMATICO [R] | |
| Término temático o nombre geográfico como elemento de entrada [NR] | Arte |
| 9 (RLIN) | 9444 |
| 650 04 - ASIENTO SECUNDARIO DE MATERIA - TERMINO TEMATICO [R] | |
| Término temático o nombre geográfico como elemento de entrada [NR] | Dibujo arquitectónico |
| Subdivisión de forma [R] | Manuales |
| 9 (RLIN) | 13209 |
| 650 04 - ASIENTO SECUNDARIO DE MATERIA - TERMINO TEMATICO [R] | |
| Término temático o nombre geográfico como elemento de entrada [NR] | Dibujo |
| Subdivisión de forma [R] | Manuales |
| 9 (RLIN) | 7515 |
| 650 04 - ASIENTO SECUNDARIO DE MATERIA - TERMINO TEMATICO [R] | |
| Término temático o nombre geográfico como elemento de entrada [NR] | Diseño arquitectónico |
| Subdivisión de forma [R] | Manuales |
| 9 (RLIN) | 13371 |
| 650 04 - ASIENTO SECUNDARIO DE MATERIA - TERMINO TEMATICO [R] | |
| Término temático o nombre geográfico como elemento de entrada [NR] | Materiales de dibujo |
| Subdivisión de forma [R] | Manuales |
| 9 (RLIN) | 19062 |
| 700 1# - ASIENTO SECUNDARIO - NOMBRE PERSONAL [R] | |
| Nombre personal [NR] | Castán, Santiago |
| 9 (RLIN) | 38156 |
| 700 1# - ASIENTO SECUNDARIO - NOMBRE PERSONAL [R] | |
| Nombre personal [NR] | Greenstreet, Bob |
| 9 (RLIN) | 163368 |
| 765 ## - ASIENTO DE IDIOMA ORIGINAL [R] | |
| Asiento principal [NR] | Manual of graphic techitects, graphic designers. |
| 830 ## - ASIENTO SECUNDARIO DE SERIE--TITULO UNIFORME [R] | |
| Título uniforme [NR] | Bibliografía Básica Medio Universitario. |
| 9 (RLIN) | 29597 |
| 942 ## - ELEMENTOS DE ENTRADA AGREGADOS (KOHA) | |
| Tipo de ítem principal el descrito en 300a | Libro |
| Sistema de clasificación | DEWEY |
| Tema principal | Arte |
| Edición | 4 |
| Clasificación | 741.2 |
| Parte restante de la signatura top. | P844m |
| Fecha de último préstamo | Total préstamos | Total Renewals | Signatura topográfica | Código de barras | Última vez visto | Volúmen / Fascículo | Ejemplar | Price effective from | Tipo de ítem | Nota pública (OPAC) | Perdido | Sistema de clasificación | Dañado | No prestable | Tipo de ítem específico | Suprimido | Ubicación habitual | Ubicación actual | Localización | Fecha de creación | Forma de adquisición | Costo |
|---|---|---|---|---|---|---|---|---|---|---|---|---|---|---|---|---|---|---|---|---|---|---|
| 15/04/2023 | 2 | 1 | 741.2 P844m | 100082656 | 05/12/2025 | 4a. Ed. | Ej.1 | 03/02/2013 | Libro | Spot Artes Visuales | DEWEY | Libro | Claustro | Claustro | Mezanine | 30/09/2007 | Compra | 150000.00 |